Fractals and hyperspaces

Αποθηκεύτηκε σε:
Λεπτομέρειες βιβλιογραφικής εγγραφής
Κύριος συγγραφέας: Wicks, Keith R. 1962-
Μορφή: Βιβλίο
Γλώσσα:English
Δημοσίευση: Berlin : New York, Springer-Verlag, c1991
Σειρά:Lecture notes in mathematics (Springer-Verlag) ; 1492
Θέματα:
Ετικέτες: Προσθήκη ετικέτας
Δεν υπάρχουν, Καταχωρήστε ετικέτα πρώτοι!

MARC

LEADER 00000cam a2200000 i 4500
001 1/30211
008 941103s1991 eng d
020 |a 354054965X 
020 |a 038754965X 
035 |l 10038512 
035 |a 1993 
040 |a GR-MY-UA  |b gre  |e aacr 
041 0 |a eng 
082 0 |a 514.74  |2 (20) 
100 1 |a Wicks, Keith R.  |d 1962- 
245 1 0 |a Fractals and hyperspaces /  |c Keith R. Wicks 
260 |a Berlin :   |b New York,   |b Springer-Verlag,   |c c1991 
300 |a 168 p.;  |b ill.;  |c 25 cm 
490 1 |a Lecture notes in mathematics (Springer-Verlag)  |v ; 1492 
504 |a Includes bibliographical references (p. 160-161) and index 
650 0 0 |a Fractals. 
650 0 0 |a Hyperspace. 
830 0 |a Lecture notes in mathematics (Springer-Verlag)  |v ; 1492 
852 |a INST  |b SAMOS  |e 19941103  |h 514.74 WIC  |p 005300007978  |q 005300007978  |t BK  |y 0 
909 |a Σ  |b 029508